000 00392nam a22001697a 4500
003 OSt
005 20220128110530.0
008 220128b |||||||| |||| 00| 0 eng d
020 _a0135236975
040 _cHU
082 _a621.366
100 _aWilson J.
_929015
245 _aLasers Principles And Applications
260 _aNew York
_bNew York
300 _f308
942 _2ddc
_cBOOKS
_n0
999 _c28336
_d28336